[Event "SVK-chT"]
[Site "?"]
[Date "1995.??.??"]
[Round "?"]
[White "Cervenka, Imrich"]
[Black "Horvath, Mario"]
[Result "1-0"]
[WhiteElo "2210"]
[BlackElo "2285"]

1.d4 d5 2.c4 c6 3.Nf3 Nf6 4.Nc3 a6 5.cxd5 cxd5 6.g3 Nc6 7.Bg2 e6 8.O-O Be7
9.Bf4 O-O 10.Rc1 Bd7 11.Ne5 Rc8 12.Nxd7 Nxd7 13.e4 dxe4 14.Bxe4 Nf6 15.Bg2 Qb6
16.Be3 Qxb2 17.Na4 Qa3 18.Nb6 Rcd8 19.Bxc6 bxc6 20.Qc2 Qa5 21.Rb1 Nd5 22.Bd2 Nb4
23.Bxb4 Bxb4 24.Nc4 Qb5 25.a3 Rxd4 26.Rxb4 Qc5 27.Ne3 Qxc2 28.Nxc2 Rxb4 29.Nxb4 c5
30.Nc2 Rb8 31.Rd1 Kf8 32.Kf1 Rb2 33.Rc1 Ke7 34.Ke2 e5 35.Kd2 Rb3 36.Re1 Kd6
37.Re3 Rb1 38.Rd3+ Kc7 39.Rd5 Rf1 40.Ke2 Kc6 41.Rxe5  1-0

[Event "SVK-chT"]
[Site "?"]
[Date "1995.??.??"]
[Round "?"]
[White "Likavsky, Tomas"]
[Black "Betko, Lubomir"]
[Result "0-1"]
[WhiteElo "2250"]
[BlackElo "2185"]

1.d4 d5 2.c4 c6 3.Nf3 Nf6 4.Nc3 a6 5.a4 g6 6.e3 Bg7 7.b4 O-O 8.Qb3 dxc4 9.Bxc4 Ne8
10.Qa2 Nd6 11.Bb3 Bf5 12.O-O Nd7 13.Ba3 b5 14.Rfd1 Bg4 15.Qe2 Nb6 16.h3 Bxf3
17.Qxf3 Qd7 18.Bc1 e6 19.a5 Nd5 20.Na2 f5 21.Bd2 Rac8 22.Rac1 Ne4 23.Be1 Qd6
24.Qe2 Bh6 25.Bc2 Nef6 26.Rb1 g5 27.g3 Bg7 28.Nc1 Kh8 29.Rb3 Rg8 30.Nd3 Ne4
31.Kg2 Rcf8 32.f3 Nef6 33.e4 fxe4 34.fxe4 Nf4+ 35.gxf4 gxf4 36.Ne5 Nh5 37.Qxh5 Bxe5+
38.Kf1 Bxd4 39.e5 Rg1+ 40.Ke2 Rg2+ 41.Kf3 Qd5+ 42.Be4 Rg3+ 43.Bxg3 fxg3+
44.Kxg3 Bxe5+ 45.Kh4 Bf6+ 46.Kg4 Qxe4+  0-1

[Event "BCF-ch"]
[Site "Swansea"]
[Date "1995.??.??"]
[Round "3"]
[White "Ward, Christopher"]
[Black "Kelly, Bryan"]
[Result "1/2-1/2"]
[WhiteElo "2500"]
[BlackElo "2300"]

1.d4 d5 2.c4 c6 3.Nc3 Nf6 4.Nf3 a6 5.e3 b5 6.b3 Bg4 7.Be2 e6 8.O-O Nbd7 9.Ne5 Bxe2
10.Nxe2 Nxe5 11.dxe5 Nd7 12.cxd5 cxd5 13.Bb2 Be7 14.Nf4 O-O 15.Qg4 Rc8 16.Rac1 Kh8
17.h3 Re8 18.Rxc8 Qxc8 19.Rc1 Qd8 20.a3 Bf8 21.Nd3 Qb8 22.e4 dxe4 23.Qxe4 Rc8
24.Rxc8  1/2-1/2

[Event "BCF-ch"]
[Site "Swansea"]
[Date "1995.??.??"]
[Round "10"]
[White "Ward, Christopher"]
[Black "Levitt, Jonathan"]
[Result "1/2-1/2"]
[WhiteElo "2500"]
[BlackElo "2420"]

1.d4 d5 2.c4 c6 3.Nc3 Nf6 4.Nf3 a6 5.Bg5 dxc4 6.a4 h6 7.Bh4 Nd5 8.e4 Nxc3
9.bxc3 b5 10.Ne5 Qc7 11.Bg3 Qb7 12.Rb1 Qa7 13.Qf3 e6 14.Be2 g6 15.Qf6 Rh7
16.Qf3 Bb7 17.O-O Nd7 18.Nxd7 Kxd7 19.Qf4 Ke8 20.axb5 axb5 21.Ra1 Qb6 22.Rxa8+ Bxa8
23.Ra1 Qb7 24.d5 cxd5 25.exd5 Be7 26.Qe3 Bg5 27.f4 Be7 28.Bf3 Qc8 29.d6 Bxf3
30.Qxf3 Qc5+ 31.Bf2 Qxd6 32.Ra8+ Bd8 33.Ra7 Qd5 34.Qxd5 exd5 35.Rb7 h5 36.Rxb5 f5
37.Rxd5 Rd7 38.Re5+ Kf7 39.g3 Bf6 40.Rc5  1/2-1/2

[Event "HUN-SLO juniors"]
[Site "Szentgotthard"]
[Date "1995.??.??"]
[Round "?"]
[White "Korpics, Zsolt"]
[Black "Petek, Pavel"]
[Result "1/2-1/2"]
[WhiteElo "2315"]
[BlackElo "2085"]

1.d4 d5 2.c4 c6 3.Nf3 Nf6 4.Nc3 a6 5.cxd5 cxd5 6.Bf4 e6 7.e3 Bd6 8.Bxd6 Qxd6
9.Ne5 Nbd7 10.f4 b5 11.Bd3 Bb7 12.O-O Ne4 13.Rc1  1/2-1/2

[Event "Tastrup"]
[Site "Tastrup"]
[Date "1995.??.??"]
[Round "6"]
[White "Jakobsen, Ole"]
[Black "Bjerring, Kai"]
[Result "1/2-1/2"]
[WhiteElo "2380"]
[BlackElo "2350"]

1.d4 d5 2.c4 c6 3.Nf3 Nf6 4.Nc3 a6 5.e3 b5 6.b3 Bg4 7.Be2 Nbd7 8.O-O e6 9.Bb2 Bd6
10.Rc1 bxc4 11.bxc4 Qb8 12.Rb1 Bxf3 13.Bxf3 Bxh2+  1/2-1/2

[Event "Terrasa op"]
[Site "Terrasa"]
[Date "1995.??.??"]
[Round "7"]
[White "Gual Pascual, Antonio"]
[Black "Magem Badals, Jorge"]
[Result "0-1"]
[WhiteElo "2350"]
[BlackElo "2560"]

1.d4 d5 2.c4 c6 3.Nf3 Nf6 4.Nc3 a6 5.h3 dxc4 6.a4 Nd5 7.a5 Bf5 8.Nh4 e6 9.Nxf5 exf5
10.Bd2 Bb4 11.Qa4 f4 12.Nxd5 Bxd2+ 13.Kxd2 Qxd5 14.e3 fxe3+ 15.fxe3 Nd7 16.Qxc4 Qd6
17.Bd3 O-O 18.Qc2 g6 19.Kc1 c5 20.Ra4 Qe7 21.Qd2 Rfe8 22.Re1 cxd4 23.Rxd4 Ne5
24.Kb1 Nc6 25.Rf4 Rad8 26.Qc3 Qe5 27.Bc4 Rd7 28.Ref1 Qxc3 29.bxc3 Ree7 30.e4 Nxa5
31.Bd5 Nc6 32.Kc2 Ne5 33.Rf6 Kg7 34.g4 h6 35.Rb6 Rc7 36.Rfb1 Nc6 37.Bxc6 bxc6
38.Kd3 a5 39.Ra6 Rcd7+ 40.Ke3 f5 41.gxf5 gxf5 42.Rg1+ Kf7 43.Rxc6 Rxe4+ 44.Kf2 Rd2+
45.Kf3 Rd3+ 46.Kf2 Ra4 47.Rb1 Ra2+ 48.Kg1 h5 49.h4 a4 50.Ra6 a3 51.c4 f4
52.c5 Rb2 53.Ra1 Rg3+ 54.Kf1 Rh3 55.Kg1 f3  0-1

[Event "JUG-chT"]
[Site "Tivat"]
[Date "1995.??.??"]
[Round "1"]
[White "Ristic, Nebojsa"]
[Black "Vujacic, Borivoje"]
[Result "1-0"]
[WhiteElo "2400"]
[BlackElo "2330"]

1.d4 d5 2.Nf3 c6 3.c4 Nf6 4.Nc3 a6 5.c5 g6 6.Bf4 Bg7 7.h3 Nbd7 8.e3 O-O 9.Be2 Ne8
10.O-O Nc7 11.e4 dxe4 12.Nxe4 Nd5 13.Bg3 h6 14.Bc4 N7f6 15.Nxf6+ Bxf6 16.Re1 b5
17.cxb6 Qxb6 18.Bb3 Bb7 19.Rc1 Rad8 20.Qd2 Kg7 21.Rc5 e6 22.Be5 Bxe5 23.Nxe5 Nf6
24.Qc3 Nd5 25.Bxd5 cxd5 26.Rc1 Qd6 27.Qb3 Rb8 28.Rc7 Ba8 29.Qg3 Kg8 30.Nd7  1-0

[Event "JUG-chT"]
[Site "Tivat"]
[Date "1995.??.??"]
[Round "6"]
[White "Kostic, Vladimir"]
[Black "Radlovacki, Jovan"]
[Result "1/2-1/2"]
[WhiteElo "2430"]
[BlackElo "2375"]

1.d4 Nf6 2.c4 c6 3.Nc3 d5 4.Nf3 a6 5.cxd5 cxd5 6.g3 e6 7.Bg2 Nc6 8.O-O Bd6
9.Bg5 O-O 10.Rc1 Be7 11.e3 Nd7 12.Bxe7 Nxe7 13.e4 Nf6 14.Ne5 dxe4 15.Nxe4 Nxe4
16.Bxe4 f6 17.Nc4 Ra7 18.Qd3 b5 19.Nd2 f5 20.Bg2 e5 21.Qb3+ Kh8 22.Nf3 e4
23.Ne5 Qd5 24.Qb4 a5 25.Qc5 Qxc5 26.Rxc5 Be6 27.Rxb5 Bxa2 28.f3 exf3 29.Bxf3 Bg8
30.d5 g5 31.Rd1 Ng6 32.Nc6 Rd7 33.Rxa5 Rf6 34.Ra7 Rxa7 35.Nxa7 Ne5 36.Bg2 Nc4
37.Rd4 Ra6 38.Rxc4 Rxa7 39.Rd4 Kg7 40.d6 Rd7 41.Bc6 Rd8 42.d7 Be6 43.b4 Kf6
44.b5 Ke7 45.b6 Bxd7 46.b7 Bxc6 47.Rxd8 Bxb7 48.Rh8 Kf6 49.Rxh7 Be4 50.Rh6+ Kg7
51.Ra6 f4 52.g4 Bf3 53.h3 Kf7 54.Kf2 Be4 55.Ra4 Bd5 56.Ra5 Ke6 57.Rb5 Ke5
58.Rb6 Be4 59.Rh6 Bc2 60.Rh5 Kf6 61.h4 gxh4 62.Kf3 Bg6 63.Rxh4 Kg5 64.Rh8 Bf7
65.Rd8 Be6 66.Ke4 Kxg4 67.Rf8 Kg5 68.Rxf4 Kg6 69.Ke5 Bb3 70.Rf6+ Kg7  1/2-1/2

[Event "CUB-ch sf"]
[Site "Villa Clara"]
[Date "1995.??.??"]
[Round "3"]
[White "Alvarez, Jose"]
[Black "Perez, Rodney"]
[Result "1/2-1/2"]
[WhiteElo "2390"]
[BlackElo "2335"]

1.d4 d5 2.c4 c6 3.Nf3 Nf6 4.Nc3 a6 5.Qb3 e6 6.cxd5 cxd5 7.Bg5 Nc6 8.e3 Be7
9.Bd3 O-O 10.O-O Bd7 11.Rac1 Na5 12.Qd1 b5 13.Ne5 Nc4 14.Bb1 Rc8 15.b3  1/2-1/2

[Event "LTU-ch"]
[Site "Vilnius"]
[Date "1995.??.??"]
[Round "2"]
[White "Butnorius, Algimantas"]
[Black "Linauskas, Dainius"]
[Result "1/2-1/2"]
[WhiteElo "2440"]
[BlackElo "2320"]

1.Nf3 Nf6 2.c4 c6 3.d4 d5 4.Nc3 a6 5.e3 b5 6.b3 Bg4 7.Be2 e6 8.O-O Nbd7 9.Bb2 Be7
10.Nd2 Bxe2 11.Qxe2 O-O 12.e4 dxe4 13.Ndxe4 Re8 14.Rfd1 Qb6 15.Rac1 Rad8
16.Rc2 Nf8 17.Rcd2 Ng6 18.g3 Rd7 19.h4 h6 20.Nxf6+ Bxf6 21.Qg4 bxc4 22.bxc4 Rxd4
23.Ne4 Rxd2 24.Nxf6+ gxf6 25.Rxd2 Qa5 26.Re2 Qd8 27.h5 f5 28.Qf3 Nf8 29.Qc3 f6
30.Rd2 Qe7 31.Qxf6 Qxf6 32.Bxf6 Rb8 33.Rd6 Kf7 34.Be5 Rc8 35.Rd2 Ra8 36.Kg2 Ra7
37.Rd8 Nd7 38.Bf4 Nf6 39.Bxh6 Nxh5 40.Be3 Rb7 41.Ra8 Rb4 42.Rxa6 Rxc4 43.a4 e5
44.a5 f4 45.gxf4 Nxf4+ 46.Bxf4 exf4 47.Ra8 Ra4 48.Kf3 Ke6 49.a6 Kd5 50.a7 Kc5
51.Rf8 Rxa7 52.Kxf4  1/2-1/2

[Event "SLO-ch"]
[Site "Vrhnika"]
[Date "1995.??.??"]
[Round "?"]
[White "Bukic, Enver"]
[Black "Simic, Dragan"]
[Result "1/2-1/2"]
[WhiteElo "2445"]
[BlackElo "2255"]

1.d4 d5 2.c4 c6 3.Nf3 Nf6 4.Nc3 a6 5.cxd5 cxd5 6.Bf4 Nc6 7.e3 e6 8.Ne5 Nxe5
9.Bxe5 Bd6 10.Bxd6 Qxd6 11.f4 O-O 12.Bd3 b5 13.O-O Bb7 14.a4 b4 15.Na2 a5
16.Nc1 Ba6 17.Qe2 Rfc8 18.Nb3 Bc4 19.Nc5 Nd7  1/2-1/2

[Event "SLO-ch"]
[Site "Vrhnika"]
[Date "1995.??.??"]
[Round "?"]
[White "Tratar, Marko"]
[Black "Simic, Dragan"]
[Result "1-0"]
[WhiteElo "2405"]
[BlackElo "2255"]

1.d4 d5 2.Nf3 Nf6 3.c4 c6 4.Nc3 a6 5.Bg5 Ne4 6.h4 Qa5 7.Qb3 e6 8.e3 b5 9.cxd5 cxd5
10.Bd3 Nxc3 11.bxc3 Nd7 12.O-O Nb6 13.e4 Bb7 14.Rfe1 Rc8 15.Rac1 Ba3 16.Rc2 dxe4
17.Bxe4 Bxe4 18.Rxe4 O-O 19.h5 Rfe8 20.h6 g6 21.Ne5 Bd6 22.Ng4 Nd5 23.Qxd5 exd5
24.Nf6+ Kh8 25.Rxe8+ Rxe8 26.Nxe8 Qa3 27.Re2 Bf8 28.Nf6 Be7 29.Nxd5 f6 30.Rxe7 Kg8
31.Nxf6+ Kf8 32.Nxh7+ Kg8 33.Nf6+ Kf8 34.Nd7+ Kg8 35.h7+  1-0

[Event "SLO-ch"]
[Site "Vrhnika"]
[Date "1995.??.??"]
[Round "?"]
[White "Krumpacnik, Domen"]
[Black "Simic, Dragan"]
[Result "1-0"]
[WhiteElo "2405"]
[BlackElo "2255"]

1.d4 d5 2.Nf3 Nf6 3.c4 c6 4.Nc3 a6 5.g3 dxc4 6.a4 e6 7.Bg2 c5 8.dxc5 Qxd1+
9.Nxd1 Bxc5 10.Be3 Bxe3 11.Nxe3 a5 12.Nd4 Ke7 13.Nxc4 Ra6 14.f4 Nd5 15.e4 Nb4
16.O-O-O Bd7 17.b3 Rc8 18.Kb2 N8c6 19.Nb5 e5 20.Rxd7+ Kxd7 21.Bh3+ Kd8 22.Rd1+ Nd4
23.fxe5  1-0

[Event "Oberliga Wuert9495"]
[Site "Wuerttemberg"]
[Date "1995.??.??"]
[Round "?"]
[White "Lorscheid, Gerhard"]
[Black "Frank, Bjoern"]
[Result "1-0"]
[WhiteElo "2305"]
[BlackElo "2255"]

1.d4 d5 2.c4 c6 3.Nf3 Nf6 4.Nc3 a6 5.c5 Bg4 6.Ne5 Bh5 7.Qb3 Qc8 8.e3 Nbd7
9.f4 e6 10.Bd3 Bg6 11.Nxg6 hxg6 12.O-O Rb8 13.Na4 Be7 14.Bd2 Bd8 15.Qc2 Bc7
16.h3 Ke7 17.b4 Ne8 18.Nc3 f5 19.a4 Nef6 20.b5 Ba5 21.Nb1 Bxd2 22.Nxd2 axb5
23.axb5 cxb5 24.Bxb5 Ra8 25.Qb2 Qc7 26.Qb4 Kf7 27.Nf3 Rxa1 28.Rxa1 Re8 29.Ra7 Qb8
30.Qa4 Rd8 31.Ng5+ Ke7 32.Qa3 Nf8 33.Rxb7+  1-0

[Event "Zadar op (Women)"]
[Site "Zadar"]
[Date "1995.??.??"]
[Round "?"]
[White "Petek Medic, Mirjana"]
[Black "Macek, Vlasta"]
[Result "1-0"]
[WhiteElo "2350"]
[BlackElo "2260"]

1.d4 d5 2.c4 c6 3.Nf3 Nf6 4.Nc3 a6 5.c5 Nbd7 6.Bf4 g6 7.h3 Bg7 8.e3 O-O 9.Be2 Ne8
10.O-O Nc7 11.b4 Re8 12.Rc1 Nb5 13.Nb1 Nc7 14.a4 e5 15.dxe5 Nxe5 16.Nc3 Nxf3+
17.Bxf3 Ne6 18.Bd6 Ng5 19.Bf4 Nxf3+ 20.Qxf3 Bxc3 21.Rxc3 Qf6 22.Rb3 Be6 23.Rd3 Bf5
24.Bd6 Qd8 25.Rd4 Re4 26.g4 Rxd4 27.exd4 Be4 28.Qf4 g5 29.Qe5 Bg6 30.Re1 f6
31.Qg3 a5 32.b5 cxb5 33.axb5 Qd7 34.Qf3 Be4 35.Qxf6 Qg7 36.Qxg7+ Kxg7 37.c6 bxc6
38.b6  1-0

[Event "Zagreb-ch"]
[Site "Zagreb"]
[Date "1995.??.??"]
[Round "?"]
[White "Takac, Zvonko"]
[Black "Keglevic, Pavao"]
[Result "0-1"]
[WhiteElo "2245"]
[BlackElo "2330"]

1.d4 Nf6 2.Nf3 d5 3.c4 c6 4.Nc3 a6 5.cxd5 cxd5 6.g3 Nc6 7.Bg2 e6 8.O-O Bd6
9.Re1 O-O 10.Bg5 h6 11.Bxf6 Qxf6 12.e4 dxe4 13.Nxe4 Qd8 14.Nxd6 Qxd6 15.Qd2 Rb8
16.Rad1 Nb4 17.a3 Nd5 18.Ne5 b5 19.Ng4 Bb7 20.Nxh6+ gxh6 21.Qxh6 Ne7 22.d5 Rbd8
23.Be4 Nf5 24.Qh5 Qe5 25.g4 Qg7 26.Kf1 Ne7 27.d6 Nd5 28.Bxd5 Bxd5 29.Re5 Bc4+
30.Kg1 f5 31.Re3 fxg4 32.Re5 Qh7 33.Qxg4+ Kh8 34.Rh5 Rg8 35.Rxh7+ Kxh7 36.h3 Be2  0-1

[Event "Zagreb-ch"]
[Site "Zagreb"]
[Date "1995.??.??"]
[Round "?"]
[White "Glavica, Zeljko"]
[Black "Bukal, Vladimir Jr"]
[Result "0-1"]
[WhiteElo "2290"]
[BlackElo "2335"]

1.d4 d5 2.c4 c6 3.Nf3 Nf6 4.Nc3 a6 5.Ne5 Nbd7 6.cxd5 cxd5 7.Bf4 e6 8.e3 Nxe5
9.Bxe5 Bd6 10.Bxd6 Qxd6 11.Bd3 O-O 12.O-O Bd7 13.Qb3 Ng4 14.g3 f5 15.Rfe1 f4
16.Ne2 fxg3 17.fxg3 e5 18.Be4 Bc6 19.h3 Nf2 20.Bg2 Qh6 21.h4 Ng4 22.dxe5 Nxe3
23.Bh1 Nc2 24.Bxd5+ Bxd5 25.Qxd5+ Kh8 26.Nf4 Qb6+ 27.Kh1 Nxa1 28.Rxa1 Qxb2
29.Rd1 Qf2 30.Nh5 Rac8 31.Qxb7 Rg8 32.Qg2 Qf5 33.Nf4 Qxe5 34.Rd5 Qe1+ 35.Kh2 Rgd8
36.Qf3 Rxd5 37.Qxd5 Qf2+ 38.Kh3 Qf1+ 39.Kg4 Qb5 40.Qe6 Qc4 41.Qf5 Ra8 42.h5 Re8
43.h6 Qc8 44.hxg7+ Kxg7 45.Nh5+ Kh8  0-1

[Event "Zalakaros op"]
[Site "Zalakaros"]
[Date "1995.??.??"]
[Round "2"]
[White "Zsinka, Laszlo"]
[Black "Kiss, Fernanda"]
[Result "1-0"]
[WhiteElo "2355"]
[BlackElo "2170"]

1.d4 d5 2.c4 c6 3.Nf3 Nf6 4.Nc3 a6 5.Ne5 b5 6.cxd5 cxd5 7.Bf4 Bf5 8.e3 e6
9.g4 Bg6 10.h4 b4 11.Na4 Ne4 12.h5 f6 13.hxg6 fxe5 14.Bxe5 Nd7 15.Bd3 Nxe5
16.dxe5 h6 17.Bxe4 dxe4 18.Qc2 Rc8 19.Qxe4 Be7 20.Rd1 Qc7 21.Qf3 Rf8 22.Qe4 Qc4
23.Qxc4 Rxc4 24.f4 Rc2 25.O-O Bh4 26.Rd3 Ke7 27.Rfd1 Rfc8 28.R3d2 R8c7 29.Kf1 Ke8
30.Ke2 Bd8 31.Kf3 Bh4 32.Ke2 Bd8 33.b3 R7c6 34.Nb2 R6c3 35.Nc4 Be7 36.Rxc2 Rxc2+
37.Rd2 Rc1 38.Rd1 Rc2+ 39.Rd2 Rc1 40.Nd6+ Bxd6 41.Rxd6 Rc2+ 42.Kf3 Rxa2 43.Rxe6+ Kd7
44.f5 Ra3 45.Rd6+ Ke7 46.f6+ gxf6 47.g7 Kf7 48.Rd7+ Kg8 49.exf6  1-0

[Event "Zuerich op"]
[Site "Zuerich"]
[Date "1995.??.??"]
[Round "6"]
[White "Sulava, Nenad"]
[Black "Siegel, Georg"]
[Result "1/2-1/2"]
[WhiteElo "2390"]
[BlackElo "2480"]

1.Nf3 Nf6 2.c4 c6 3.d4 d5 4.Nc3 a6 5.e3 b5 6.cxd5 cxd5 7.Ne5 Nbd7 8.Nd3 e6
9.Bd2 Bd6 10.g3 h5 11.b4 e5 12.Nc5 Qe7 13.Be2 h4 14.g4 Nb6 15.h3 O-O 16.a4 exd4
17.exd4 bxa4 18.Bg5 a5 19.N3xa4 Nxa4 20.Rxa4 Re8 21.Kf1 Rb8 22.b5 Bxc5 23.dxc5 Qxc5
24.Bxf6 gxf6 25.Qd4 Qxd4 26.Rxd4 Bd7 27.Rxd5 Rxe2 28.Rxd7 Rb2 29.Kg2 R2xb5
30.Ra1 f5 31.Ra7 fxg4 32.hxg4  1/2-1/2

[Event "Hallsberg opJ32"]
[Site "Hallsberg"]
[Date "1996.12.29"]
[Round "2"]
[White "Schneider, Stefan"]
[Black "Kelly, Bryan"]
[Result "1/2-1/2"]
[WhiteElo "2225"]
[BlackElo "2395"]

1.d4 d5 2.c4 c6 3.Nc3 Nf6 4.Nf3 a6 5.a4 e6 6.Bg5 Nbd7 7.e3 Qa5 8.Bxf6 Nxf6
9.Bd3 Bb4 10.Qc2 O-O 11.O-O dxc4 12.Bxc4 c5 13.Na2 cxd4 14.Nxb4 Qxb4 15.Nxd4 Bd7
16.Qb3 Qxb3 17.Bxb3 Rfc8 18.Rfc1 a5 19.Bc4 Kf8 20.Bb5 Ke7 21.Kf1 Ne4 22.Ke2 Nc5
23.Rc3 b6 24.Bxd7 Kxd7 25.f3 e5 26.Nb5 Ke7 27.b3 Rc6 28.Rac1 Rd8 29.Na3 Rdc8
30.R1c2 f5 31.Nc4 Kf6 32.Nxb6 Rxb6 33.Rxc5 Rxc5 34.Rxc5 Rxb3 35.Rxa5 Rb2+
36.Kf1 f4 37.Ra6+ Kf7 38.Ra7+ Kf6 39.Ra6+ Kf7 40.exf4 exf4 41.h4 Ra2 42.Kg1 Ra1+
43.Kh2 h5 44.Ra5 g6 45.Ra7+ Kf6 46.a5 Ke6 47.a6 Kf6 48.Ra8 Kg7 49.a7 Kh7
50.Rf8 Rxa7 51.Rxf4 Kh6 52.Kh3 Rb7 53.Re4 Ra7 54.g4 hxg4+ 55.fxg4 Ra3+ 56.Kg2 Kg7
57.h5 gxh5 58.gxh5  1/2-1/2

[Event "Donner mem op"]
[Site "Amsterdam"]
[Date "1996.??.??"]
[Round "2"]
[White "Akesson, Ralf"]
[Black "Cruz Lopez Claret, Carlos"]
[Result "1-0"]
[WhiteElo "2500"]
[BlackElo "2295"]

1.Nf3 d5 2.d4 Nf6 3.c4 c6 4.Nc3 a6 5.Bg5 Ne4 6.h4 Nxc3 7.bxc3 dxc4 8.e4 b5
9.Ne5 Be6 10.f4 f5 11.Be2 fxe4 12.f5 Bxf5 13.O-O Be6 14.Bh5+ g6 15.Bxg6+ hxg6
16.Nxg6 Rg8 17.Nxf8 Rxf8 18.Rxf8+ Kxf8 19.Qh5 Nd7 20.Bh6+  1-0

[Event "Donner mem op"]
[Site "Amsterdam"]
[Date "1996.??.??"]
[Round "3"]
[White "Dao Thien Hai"]
[Black "Ye Rongguang"]
[Result "1/2-1/2"]
[WhiteElo "2535"]
[BlackElo "2490"]

1.d4 d5 2.c4 c6 3.Nf3 Nf6 4.Nc3 a6 5.Ne5 b5 6.b3 e6 7.e3 Nbd7 8.Nxd7 Bxd7
9.Be2 Bb4 10.Bd2 bxc4 11.bxc4 c5 12.O-O dxc4 13.a3 cxd4 14.axb4 dxc3 15.Bxc3 O-O
16.Bxc4 Bb5 17.Qe2 Bxc4 18.Qxc4 Qd5 19.Qxd5 Nxd5 20.Bd2 Rab8 21.Rfb1 f5 22.Kf1 Rb6
23.Ke2 Rfb8 24.Ra4 a5 25.Rxa5 Nxb4 26.Rxb4 Rxb4 27.Bxb4 Rxb4 28.Ra7 Kf8 29.Kf3 h6
30.h3 h5 31.g3 Rc4 32.Rd7 Ra4 33.h4 Rb4 34.Ra7  1/2-1/2

[Event "Ashkhabad"]
[Site "Ashkhabad"]
[Date "1996.??.??"]
[Round "3"]
[White "Simonenko, Sergei"]
[Black "Batyrow, Sapar"]
[Result "0-1"]
[WhiteElo "2415"]
[BlackElo "2360"]

1.d4 d5 2.Nf3 Nf6 3.c4 c6 4.Nc3 a6 5.g3 b5 6.cxd5 cxd5 7.a3 Bb7 8.Bf4 Nbd7
9.Bg2 e6 10.Rc1 Be7 11.O-O O-O 12.Ne5 Rc8 13.Qd3 Nxe5 14.Bxe5 Nd7 15.Bf4 Nb6
16.e4 dxe4 17.Nxe4 Bd5 18.Rxc8 Qxc8 19.Rc1 Qa8 20.Bg5 f6 21.Bh4 Bd8 22.Rc5 g5
23.Rxd5 exd5 24.Nd6  0-1

[Event "Ashkhabad"]
[Site "Ashkhabad"]
[Date "1996.??.??"]
[Round "11"]
[White "Ivanov, Victor L"]
[Black "Komliakov, Viktor"]
[Result "1-0"]
[WhiteElo "2450"]
[BlackElo "2500"]

1.d4 d5 2.c4 c6 3.Nf3 Nf6 4.Nc3 a6 5.b3 g6 6.g3 Bg7 7.Bg2 c5 8.cxd5 Nxd5
9.Nxd5 Qxd5 10.O-O Qd8 11.Be3 cxd4 12.Bxd4 Bxd4 13.Qxd4 Qxd4 14.Nxd4 e5 15.Nc2 Nc6
16.Bxc6+ bxc6 17.Nb4 O-O 18.Nxc6 Re8 19.Rac1 a5 20.Rc5 a4 21.b4 a3 22.Rd1 e4
23.b5 Bb7 24.Rd7 Bxc6 25.bxc6 Red8 26.Re5 Kg7 27.Rxe4 Re8 28.Rf4 Rxe2 29.Rfxf7+ Kh6
30.h4 Kh5 31.Kg2 g5 32.Kf3  1-0

[Event "GRE-chT"]
[Site "Athens"]
[Date "1996.??.??"]
[Round "9"]
[White "Drakopoulos, Anastasios"]
[Black "Porfiriadis, Sotirios"]
[Result "1-0"]
[WhiteElo "2120"]
[BlackElo "2315"]

1.d4 d5 2.Nf3 Nf6 3.c4 c6 4.Nc3 a6 5.c5 g6 6.Bf4 Bg7 7.h3 O-O 8.e3 Nbd7 9.Be2 Ne8
10.O-O Nc7 11.Rc1 Re8 12.Bg5 Bf6 13.Bxf6 exf6 14.b4 f5 15.Re1 Ne6 16.Bf1 Nf6
17.Na4 Ne4 18.Nb6 Rb8 19.a4 f4 20.b5 axb5 21.axb5 fxe3 22.Rxe3 N6g5 23.Qe2 Be6
24.bxc6 bxc6 25.Ne5 Qc7 26.Ra1 f6 27.Nf3 Nf7 28.Nd2 f5 29.f3 Neg5 30.Qe1 f4
31.Re2 Nd8 32.Qh4 Ngf7 33.Qf6 g5 34.Rae1 Rb7 35.Rxe6 Rxe6 36.Rxe6 Nxe6 37.Qxe6 Qe7
38.Qxc6 Qe3+ 39.Kh1 Ra7  1-0

[Event "AUT-chT2O 9697"]
[Site "Austria"]
[Date "1996.??.??"]
[Round "?"]
[White "Krizsany, Laszlo"]
[Black "Koutsin, Sergey"]
[Result "1/2-1/2"]
[WhiteElo "2430"]
[BlackElo "2435"]

1.d4 d5 2.c4 c6 3.Nc3 Nf6 4.Nf3 a6 5.c5 Bf5 6.Bf4 h6 7.Qb3 Ra7 8.e3 Nbd7
9.h3 g5 10.Bh2 Bg7 11.Be2 O-O 12.O-O Re8 13.Rfd1 e6 14.Rac1 Bg6 15.Na4 Kh8
16.Nb6 Kg8 17.h4 Bh5 18.hxg5 hxg5 19.Rc2 Bh6 20.Ne5 Bxe2 21.Rxe2 Nxb6 22.cxb6  1/2-1/2

[Event "AUT-chT9596"]
[Site "?"]
[Date "1996.??.??"]
[Round "?"]
[White "Postl, Anton"]
[Black "Gaertner, Guntram"]
[Result "0-1"]
[WhiteElo "2305"]
[BlackElo "2350"]

1.d4 d5 2.c4 c6 3.Nc3 Nf6 4.Nf3 a6 5.g3 dxc4 6.Ne5 b5 7.Bg2 Bb7 8.O-O e6
9.a4 Nd5 10.e4 Nxc3 11.bxc3 Nd7 12.f4 Be7 13.Rb1 Nxe5 14.fxe5 O-O 15.Qg4 Kh8
16.Rb2 b4 17.Rbf2 Qe8 18.cxb4 Bxb4 19.Qh5 f6 20.Qe2 fxe5 21.Rxf8+ Bxf8 22.Qxc4 a5
23.Qb3 Ba6 24.Rxf8+ Qxf8 25.Qxe6 Qb4  0-1

[Event "AUT-ch"]
[Site "AUT"]
[Date "1996.??.??"]
[Round "2"]
[White "Wohlfahrt, Herbert J"]
[Black "Hiermann, Dietmar"]
[Result "1-0"]
[WhiteElo "2235"]
[BlackElo "2155"]

1.d4 d5 2.Nf3 c6 3.c4 Nf6 4.Nc3 a6 5.e3 b5 6.b3 Bg4 7.Bb2 e6 8.Be2 Bd6 9.h3 Bf5
10.O-O O-O 11.Nh4 Be4 12.Nf3 Nbd7 13.Nxe4 Nxe4 14.Rc1 Qa5 15.Qc2 Rac8 16.Bd3 f5
17.Ne5 Bxe5 18.dxe5 Nec5 19.Bc3 b4 20.Bd4 Nxd3 21.Qxd3 Rfd8 22.c5 Qc7 23.f4 a5
24.Rc2 Ra8 25.g4 Rf8 26.Kh1 Qd8 27.Rg1 Qh4 28.Kh2 Qe7 29.Rcg2 g6 30.Qc2 Rf7
31.Ra1 Nf8 32.a3 bxa3 33.Rxa3 Qd8 34.Qc3 Kh8 35.Qe1 Rb7 36.gxf5 gxf5 37.Bc3 Rb5
38.b4 Ng6 39.Rga2 Qf8 40.Rxa5 Rbxa5 41.Rxa5 Rxa5 42.bxa5 Qxc5 43.a6 Qa7 44.Qe2 Nf8
45.Be1 Nd7 46.Bh4 Kg8 47.Bf6 Kf8 48.Qg2 Nb6 49.Qg5 c5 50.Bg7+ Ke8 51.Qh5+ Kd8
52.Bf6+ Kc7 53.Qf7+ Kb8 54.Qe8+ Nc8 55.Qxe6 d4 56.Qb3+ Ka8 57.exd4 Qxa6 58.Qd5+ Kb8
59.dxc5 Qe2+ 60.Qg2 Qc4 61.Qf2 Na7 62.Qe3 Qe6 63.Qd4 Qa2+ 64.Kg3 Qg8+ 65.Bg5 Nc8
66.c6 Kc7 67.Qd7+ Kb6 68.e6 h6 69.Qf7  1-0

[Event "Balatonbereny op"]
[Site "Balatonbereny"]
[Date "1996.??.??"]
[Round "2"]
[White "Horvath, Peter"]
[Black "Nemeth, Maria"]
[Result "1-0"]
[WhiteElo "2420"]
[BlackElo "2120"]

1.d4 d5 2.c4 c6 3.Nf3 Nf6 4.Nc3 a6 5.a4 e6 6.Bg5 Bb4 7.Qb3 a5 8.e3 h6 9.Bxf6 Qxf6
10.Bd3 Nd7 11.O-O O-O 12.e4 dxc4 13.Bxc4 e5 14.d5 Nc5 15.Qc2 Bg4 16.Ne1 Qg6
17.f3 Bd7 18.Nd3 Nxd3 19.Qxd3 Bh3 20.Qe2 Rac8 21.Kh1 Bd7 22.Rfd1 Rfd8 23.Rd3 Be8
24.Bb3 Bc5 25.Qd2 Bd4 26.Ne2 c5 27.Bc4 b6 28.Rb3 f5 29.exf5 Qxf5 30.Rxb6 Bf7
31.Qxa5 Ra8 32.Qb5 Bxd5 33.Bxd5+ Rxd5 34.Qc4 Qd7 35.Nxd4 exd4 36.a5 d3 37.Rd1 Kh8
38.h3 Qd8 39.Rb5 Qd6 40.b4 Rd4 41.Qxc5 Qf4 42.a6 d2 43.a7 Rdd8 44.Ra5 Qg3
45.Qe3  1-0

[Event "Balatonbereny op"]
[Site "Balatonbereny"]
[Date "1996.??.??"]
[Round "5"]
[White "Izsak, Gyula"]
[Black "Forgo, Eva"]
[Result "1-0"]
[WhiteElo "2435"]
[BlackElo "2290"]

1.d4 d5 2.Nf3 Nf6 3.c4 c6 4.Nc3 a6 5.e3 e6 6.Qc2 Be7 7.b3 O-O 8.Bb2 dxc4
9.Bxc4 c5 10.dxc5 Bxc5 11.O-O Nc6 12.a3 Qe7 13.Bd3 h6 14.Rfd1 e5 15.Ne4 Nxe4
16.Bxe4 Bg4 17.h3 Bxf3 18.Bxf3 Rac8 19.Qf5 Bd6 20.Bd5 Rfd8 21.Rac1 Qf6 22.Qxf6 gxf6
23.Kf1 f5 24.Bxc6 bxc6 25.Rd2 f6 26.Rdc2 Rb8 27.b4 a5 28.bxa5 Rxb2 29.Rxb2 Bxa3
30.Rbc2 Bxc1 31.Rxc1 Rc8 32.a6 Kf7 33.Rb1 Ke6 34.a7 Ra8 35.Rb7 Kd6 36.Ke2 c5
37.Kd3 Kd5 38.Kc3 h5 39.Kb3 h4 40.Kc3 Kc6 41.Rf7 Kd5 42.f3 Ke6 43.Rb7 Kd5
44.Rh7 c4 45.Kb4 Rc8 46.Rb7 Ra8 47.Kb5 c3 48.Rd7+ Ke6 49.Rc7 Kd5 50.Kb6 f4
51.Rxc3  1-0

[Event "Oberliga Bayern9596"]
[Site "Bayern"]
[Date "1996.??.??"]
[Round "?"]
[White "Tischer, Guenter"]
[Black "Bus, Mariusz"]
[Result "1/2-1/2"]
[WhiteElo "2340"]
[BlackElo "2410"]

1.d4 d5 2.c4 c6 3.Nf3 Nf6 4.Nc3 a6 5.e3 b5 6.cxd5 cxd5 7.Bd3 e6 8.O-O Be7
9.Ne5 Bb7 10.Ne2 Nbd7 11.f4 Ne4 12.Ng3 O-O 13.Bd2 f5 14.Rc1 Rc8 15.Rxc8 Qxc8
16.Qe2 Nxe5 17.fxe5  1/2-1/2

[Event "Belgrade"]
[Site "Belgrade"]
[Date "1996.??.??"]
[Round "5"]
[White "Sakaev, Konstantin"]
[Black "Simic, Radoslav"]
[Result "1-0"]
[WhiteElo "2560"]
[BlackElo "2490"]

1.d4 d5 2.c4 c6 3.Nf3 Nf6 4.Nc3 a6 5.c5 g6 6.Bf4 Nbd7 7.e3 Bg7 8.h3 O-O 9.Rc1 Ne4
10.Nxe4 dxe4 11.Nd2 e5 12.dxe5 Nxe5 13.Nxe4 Qa5+ 14.Qd2 Qxa2 15.Be2 Be6 16.O-O Rfd8
17.Nd6 b6 18.cxb6 Qb3 19.Rc5 Nd7 20.Rxc6 Nxb6 21.Bd1 Qd5 22.Qc2 Nd7 23.Bf3 Qa2
24.Rc7 Rab8 25.Nb7 Rf8 26.Rxd7 Bxd7 27.Bxb8 Rc8 28.Qd2 Bb5 29.Bd5 Qxb2 30.Qxb2 Bxb2
31.Rb1 Bf6 32.Bf4 Rc2 33.Nd6  1-0

[Event "Berliner Sommer"]
[Site "Berlin"]
[Date "1996.??.??"]
[Round "3"]
[White "Gleizerov, Evgeny"]
[Black "Fischdick, Gisela"]
[Result "1-0"]
[WhiteElo "2545"]
[BlackElo "2290"]

1.d4 d5 2.c4 c6 3.Nf3 Nf6 4.Nc3 a6 5.Ne5 e6 6.Bf4 Be7 7.e3 Nbd7 8.Bd3 O-O
9.Qc2 dxc4 10.Bxc4 Nb6 11.Be2 Nbd5 12.Bg3 Nd7 13.O-O Nxe5 14.Bxe5 Nxc3 15.Qxc3 Bd6
16.Rfd1 f6 17.Bxd6 Qxd6 18.Qc5 Qxc5 19.dxc5 Kf7 20.Rd6 Ke7 21.Rad1 a5 22.a4 e5
23.Bc4 Rb8 24.Ba2 Re8 25.f3 Kf8 26.R1d2 e4 27.Kf2 h5 28.fxe4 h4 29.h3 Ke7
30.Kf3 Rf8 31.Bc4 Ra8 32.e5 fxe5+ 33.Ke4 Rf6 34.Kxe5 Rf5+ 35.Kd4 b6 36.Rxc6 bxc5+
37.Rxc5 Ra7  1-0